[Event "Challenge"]
[Site "http://www.queenalice.com/game.php?id=907448"]
[Date "2011.3.2"]
[Round "-"]
[White "plot24"]
[Black "who_dat"]
[Result "0-1"]
[WhiteElo "1828"]
[BlackElo "1812"]

1. d4 Nf6 2. e3 d5 3. c4 c6 4. Nc3 Bf5 5. Nf3 Na6 6. a3 Nc7 7. c5 e6 8. Nh4 Bg4
9. f3 Bh5 10. g3 Be7 11. Be2 g5 12. Ng2 Qd7 13. e4 h6 14. e5 Nh7 15. g4 Bg6 16.
h4 f6 17. h5 Bf7 18. exf6 Bxf6 19. Be3 O-O-O 20. Qd2 Rhe8 21. O-O e5 22. Bd3 Nf8
23. dxe5 Bxe5 24. Bf5 Be6 25. f4 Bxf5 26. gxf5 gxf4 27. Bxf4 Bxc3 28. bxc3 Qf7
29. Rab1 Nb5 30. Qb2 Qxh5 31. a4 Re2 32. Qb3 Qg4 33. Rf2 Rde8 34. axb5 Rxf2 0-1

[Event "Challenge"]
[Site "http://www.queenalice.com/game.php?id=916769"]
[Date "2011.3.24"]
[Round "-"]
[White "Kingkila"]
[Black "who_dat"]
[Result "0-1"]
[WhiteElo "1973"]
[BlackElo "1786"]

1. e4 e5 2. Bc4 Nc6 3. Qf3 Nf6 4. Qg3 Nxe4 5. Qe3 Nd6 6. Bb3 Nf5 7. Qd3 d6 8.
Ba4 Bd7 9. Bxc6 Bxc6 10. f3 Qh4+ 11. g3 Nxg3 12. hxg3 Qxh1 13. Qf1 O-O-O 14. d3
Qh2 15. Ne2 d5 16. Be3 Bd6 17. Bg1 Qh6 18. Nd2 a5 19. O-O-O a4 20. a3 f5 21. g4
fxg4 22. fxg4 Qg5 23. Qh3 d4 24. Kb1 Bd7 25. Qg2 Qxg4 26. Qf2 Rdf8 27. Qe1 Qg2
28. Ne4 Bg4 29. Nf2 Bh5 30. Rd2 Rf5 31. Nc1 Rhf8 32. Ne4 Rf1 33. Rxg2 Rxe1 34.
Bf2 Rf1 35. Bh4 Rh1 36. Bf2 Bf3 37. Nxd6+ cxd6 38. Rxg7 Bd5 39. Rg2 Kb8 40. c3
Bxg2 0-1

[Event "Challenge"]
[Site "http://www.queenalice.com/game.php?id=916770"]
[Date "2011.3.24"]
[Round "-"]
[White "equus"]
[Black "who_dat"]
[Result "1-0"]
[WhiteElo "1884"]
[BlackElo "1754"]

1. d4 e6 2. c4 Nf6 3. Nc3 Bb4 4. Qc2 Nc6 5. e3 b6 6. Bd2 Bb7 7. Nf3 d5 8. Bd3
O-O 9. h3 Ba6 10. cxd5 Bxd3 11. Qxd3 exd5 12. O-O a6 13. a4 Qd6 14. Rfe1 Rfe8
15. e4 Bxc3 16. e5 Nxe5 17. dxe5 Bxe5 18. Nxe5 Rxe5 19. Rxe5 Qxe5 20. Bc3 Qe6
21. Re1 Qc6 22. Bxf6 gxf6 23. b3 b5 24. Ra1 b4 25. Re1 Qc3 26. Qb1 d4 27. Rc1
Qd2 28. Rxc7 Rd8 29. Rc2 Qd3 30. Kh2 Kg7 31. Qb2 Kg6 32. Rd2 Qe4 33. f3 Qf4+ 34.
Kh1 Kg5 35. Rd3 Re8 36. Rd1 Qe3 37. Rxd4 Qe1+ 38. Kh2 Re2 39. Rg4+ Kf5 40. Qd4
a5 41. Rf4+ Ke6 42. Qxf6+ Kd5 43. Rd4+ 1-0

[Event "Challenge"]
[Site "http://www.queenalice.com/game.php?id=916771"]
[Date "2011.3.24"]
[Round "-"]
[White "fjarnold"]
[Black "who_dat"]
[Result "1-0"]
[WhiteElo "2093"]
[BlackElo "1743"]

1. e4 e5 2. Bc4 Nf6 3. d3 Nc6 4. Nc3 Bb4 5. Ne2 d6 6. O-O Bg4 7. Be3 Bxc3 8.
bxc3 a6 9. h3 Bd7 10. f4 Qe7 11. Ng3 O-O-O 12. Rb1 g6 13. Qd2 Be6 14. fxe5 dxe5
15. Bg5 Qc5+ 16. Qf2 Qxf2+ 17. Rxf2 Ng4 18. Bxe6+ fxe6 19. hxg4 Rde8 20. Rbf1 h6
21. Bf6 Kd7 22. Bxh8 Rxh8 23. Rf7+ Kd6 24. Rg7 g5 25. Rff7 Kc5 26. Rxc7 Kb5 27.
Rxb7+ Ka4 28. Rgc7 Na5 29. Rb4+ Ka3 30. Rc5 1-0

[Event "AUTO-OPEN-2309"]
[Site "http://www.queenalice.com/game.php?id=916966"]
[Date "2011.3.24"]
[Round "1"]
[White "who_dat"]
[Black "Catamarca"]
[Result "0-1"]
[WhiteElo "1872"]
[BlackElo "1714"]

1. e4 d6 2. Nc3 Nf6 3. d4 Nbd7 4. Bc4 g6 5. Qf3 Bg7 6. Nh3 O-O 7. Bf4 e5 8. dxe5
dxe5 9. Bg5 c6 10. O-O-O h6 11. Bxf6 Bxf6 12. a3 Qe7 13. Rhe1 Nc5 14. Rd2 h5 15.
Qe3 Bxh3 16. Qxh3 Bg5 17. Re3 Bxe3 18. Qxe3 Ne6 19. f3 b5 20. Bb3 a5 21. a4 bxa4
22. Bxa4 Rab8 23. Bxc6 Qb4 24. Rd1 Qxb2+ 25. Kd2 Nd4 26. Ba4 Rfd8 27. Ke1 Nxc2+
28. Bxc2 Qxc2 29. Nd5 Qxg2 30. Qh6 Qg1+ 31. Ke2 Rb2+ 32. Rd2 Qg2+ 33. Kd3 Qxf3+
34. Kc4 Qb3+ 0-1

[Event "AUTO-OPEN-2309"]
[Site "http://www.queenalice.com/game.php?id=916967"]
[Date "2011.3.24"]
[Round "1"]
[White "Catamarca"]
[Black "who_dat"]
[Result "0-1"]
[WhiteElo "1775"]
[BlackElo "1859"]

1. d4 e6 2. Bf4 Nc6 3. a3 g5 4. Be5 f6 5. Bg3 Bg7 6. e3 h5 7. h3 d5 8. c4 h4 9.
Nc3 hxg3 10. fxg3 Nge7 11. c5 Nf5 12. Qf3 Qe7 13. Bd3 Nh6 14. Bg6+ Nf7 15. h4 e5
16. Nxd5 Qd7 17. Nxf6+ Bxf6 18. Qxf6 Rf8 19. Bxf7+ Rxf7 20. Qxg5 exd4 21. O-O-O
Qe6 22. exd4 Qc4+ 23. Kb1 Bf5+ 24. Ka1 Nb4 25. Re1+ Be6 26. Rxe6+ Qxe6 27. axb4
Rf1+ 0-1

[Event "AUTO-OPEN-2309"]
[Site "http://www.queenalice.com/game.php?id=916968"]
[Date "2011.3.24"]
[Round "1"]
[White "who_dat"]
[Black "pomar"]
[Result "0-1"]
[WhiteElo "1783"]
[BlackElo "1986"]

1. e4 e6 2. Bc4 c5 3. Nc3 a6 4. Nge2 b5 5. Nxb5 axb5 6. Bxb5 Nf6 7. e5 Ng4 8. d4
cxd4 9. Qxd4 Qa5+ 10. Nc3 Bb4 11. Qxg4 Bxc3+ 12. bxc3 Qxc3+ 13. Kd1 Qxa1 14.
Qxg7 Rf8 15. Ke2 Rxa2 16. Bd3 Nc6 17. Bh6 Qxe5+ 18. Qxe5 Nxe5 19. Bxf8 Kxf8 20.
Bxh7 f5 21. f4 Ba6+ 22. Kf2 Nd3+ 23. Kg3 Rxc2 24. Bg6 Bb7 25. Rg1 Ne1 26. Kh4
Rxg2 27. Rxe1 Rxg6 28. Kh5 Kf7 29. Rb1 Bf3+ 30. Kh4 Rg4+ 31. Kh3 Bg2# 0-1

[Event "AUTO-OPEN-2309"]
[Site "http://www.queenalice.com/game.php?id=916969"]
[Date "2011.3.24"]
[Round "1"]
[White "pomar"]
[Black "who_dat"]
[Result "1-0"]
[WhiteElo "1994"]
[BlackElo "1775"]

1. e4 c6 2. f4 Nf6 3. Nc3 d5 4. exd5 Nxd5 5. Nxd5 cxd5 6. Nf3 Bf5 7. h3 a6 8. g4
Be4 9. Bg2 Nc6 10. d3 Bxf3 11. Bxf3 e6 12. c3 Qb6 13. Qe2 Bd6 14. f5 Bg3+ 15.
Kf1 O-O 16. Be3 Qb5 17. Kg2 Bd6 18. a4 Qb3 19. Qd2 Rae8 20. Bd1 Qxd1 21. Raxd1
exf5 22. gxf5 Ne5 23. Bf4 f6 24. Rde1 g5 25. fxg6 hxg6 26. Bxe5 Bxe5 27. d4 Bd6
28. Rxe8 Rxe8 29. Re1 Rf8 30. Qh6 g5 31. Qg6+ Kh8 32. h4 1-0

[Event "AUTO-ADV-2107"]
[Site "http://www.queenalice.com/game.php?id=917051"]
[Date "2011.3.24"]
[Round "1"]
[White "who_dat"]
[Black "favazza2007"]
[Result "1-0"]
[WhiteElo "1844"]
[BlackElo "1811"]

1. Nc3 e5 2. g3 Nf6 3. Bg2 Bc5 4. Nf3 d6 5. a3 Be6 6. Ng5 c6 7. Na4 Nbd7 8. Nxc5
Nxc5 9. e3 O-O 10. b4 Ncd7 11. Bb2 h6 12. Nxe6 fxe6 13. c4 Nb6 14. Qe2 Qc7 15.
O-O d5 16. c5 Nbd7 17. Bh3 Rae8 18. f4 e4 19. f5 e5 20. a4 b6 21. cxb6 axb6 22.
Rfc1 Rc8 23. b5 c5 24. g4 Nh7 25. Bc3 Ng5 26. Bg2 Nf6 27. a5 bxa5 28. Bxa5 Qb7
29. b6 Nd7 30. Rab1 Rf6 31. Rb5 Nxb6 32. Rcxc5 Rxc5 33. Rxc5 Nc4 34. Bc3 Qb1+
35. Kf2 Rd6 36. h4 Nf7 37. g5 hxg5 38. hxg5 Qb7 39. g6 Nh6 40. Bf1 Nxf5 41. Qh5
Nh6 42. Bxc4 Rf6+ 43. Ke2 Rf5 44. Qxf5 Nxf5 45. Bxd5+ Kf8 46. Bxb7 Ne7 47. Bb4
Nxg6 48. Rxe5+ Kg8 49. Rxe4 Kh7 50. Re6 Nh4 51. Be4+ g6 52. d4 Kh6 53. Be7 Kh5
54. d5 g5 55. d6 g4 56. d7 g3 57. d8=Q g2 58. Qh8+ Kg4 59. Qxh4# 1-0

[Event "AUTO-ADV-2107"]
[Site "http://www.queenalice.com/game.php?id=917052"]
[Date "2011.3.24"]
[Round "1"]
[White "favazza2007"]
[Black "who_dat"]
[Result "0-1"]
[WhiteElo "1823"]
[BlackElo "1828"]

1. b3 d5 2. Bb2 Nc6 3. e3 e5 4. Bb5 Bd7 5. Bxc6 Bxc6 6. Bxe5 Qg5 7. Nf3 Qxg2 8.
Rg1 Qh3 9. Bxc7 Bc5 10. d4 Be7 11. Rxg7 Bb5 12. Rg1 Nf6 13. Nbd2 Rg8 14. Rxg8+
Nxg8 15. c4 Ba6 16. Qe2 Qf5 17. Rd1 Rc8 18. Bg3 Qc2 19. Nb1 Bb4+ 20. Kf1 Qxe2+
21. Kxe2 dxc4 22. Ne5 cxb3+ 23. Kf3 bxa2 24. Nd2 Bxd2 25. Ra1 Rc2 26. Ke4 Bc3
27. Rg1 a1=Q 28. Rxa1 Bxa1 29. Ng4 b5 30. Bb8 Bb7+ 31. Kd3 Ra2 32. h4 a5 33. Bd6
b4 34. Ne5 Rxf2 35. Nc4 b3 36. Nd2 Ba6+ 37. Nc4 b2 0-1

[Event "AUTO-ADV-2107"]
[Site "http://www.queenalice.com/game.php?id=917053"]
[Date "2011.3.24"]
[Round "1"]
[White "who_dat"]
[Black "gipmachado"]
[Result "1-0"]
[WhiteElo "1765"]
[BlackElo "1888"]

1. Nf3 d5 2. e3 Nf6 3. d4 Bf5 4. Nbd2 e6 5. Ne5 c5 6. h3 Nc6 7. Bb5 Qc7 8. Nb3
Bd6 9. Bd2 Bxe5 10. Bxc6+ bxc6 11. dxe5 Qxe5 12. Bc3 Qc7 13. Nxc5 O-O 14. g4 Bg6
15. Bxf6 gxf6 16. h4 h6 17. c3 Qd6 18. Nd3 c5 19. Nf4 Rad8 20. O-O e5 21. Ng2 c4
22. Qd2 Bd3 23. Rfd1 Qe6 24. Qe1 f5 25. g5 hxg5 26. hxg5 Qg6 27. f4 Rfe8 28. Qg3
e4 29. b3 Kg7 30. b4 Rh8 31. a4 Rh5 32. Nh4 Qe6 33. Kf2 Rdh8 34. Rh1 Kf8 35. g6
1-0

[Event "AUTO-ADV-2107"]
[Site "http://www.queenalice.com/game.php?id=917054"]
[Date "2011.3.24"]
[Round "1"]
[White "gipmachado"]
[Black "who_dat"]
[Result "0-1"]
[WhiteElo "1929"]
[BlackElo "1741"]

1. e4 d6 2. d4 Nf6 3. Nc3 b6 4. Nf3 Bb7 5. Bd3 Nbd7 6. O-O c5 7. d5 Qc7 8. Re1
O-O-O 9. Nb5 Qb8 10. a4 a6 11. Na3 g6 12. c3 Bg7 13. b4 cxb4 14. cxb4 Nxe4 15.
Bxe4 Bxa1 16. Be3 Bc3 17. Qc2 Qc7 18. Rc1 f5 19. Bd3 Bxd5 20. Qxc3 Qxc3 21.
Rxc3+ Kb7 22. Nc4 Rc8 23. Rc2 Rhf8 24. Na3 e5 25. Bf1 f4 26. Bd2 Rxc2 27. Nxc2
Bb3 28. Bd3 Bxa4 29. Be4+ Kc8 30. Ng5 h6 31. Nh7 Rg8 32. f3 Rg7 0-1

[Event "AUTO-ADV-2107"]
[Site "http://www.queenalice.com/game.php?id=917055"]
[Date "2011.3.24"]
[Round "1"]
[White "who_dat"]
[Black "renatosena2003"]
[Result "0-1"]
[WhiteElo "1768"]
[BlackElo "1808"]

1. e4 e5 2. Bc4 Nf6 3. d3 c6 4. Nf3 h6 5. Nc3 b5 6. Bb3 d6 7. d4 exd4 8. Qxd4 c5
9. Bxf7+ Kxf7 10. Qd3 b4 11. Ne5+ Ke8 12. Ng6 Rg8 13. Nd5 Be6 14. Ndf4 Bf7 15.
e5 dxe5 16. Nxe5 Qxd3 17. Nfxd3 Nbd7 18. O-O Nxe5 19. Nxe5 Rd8 20. Re1 Ra8 21.
Bf4 Bd5 22. a3 a5 23. axb4 cxb4 24. Nd3+ Kd8 25. Re5 Bd6 26. Rxd5 Nxd5 27. Bxd6
Kd7 28. Be5 Rac8 29. Rxa5 Ke6 30. Bd4 Rxc2 31. g3 Rd2 32. Bxg7 Rxg7 33. Nc5+ Kf5
34. b3 Re7 35. Kg2 Ree2 36. Kh3 Rxf2 37. g4+ Kf4 38. Ne6+ Ke3 39. Ng7 Rxh2+ 0-1

[Event "AUTO-ADV-2107"]
[Site "http://www.queenalice.com/game.php?id=917056"]
[Date "2011.3.24"]
[Round "1"]
[White "renatosena2003"]
[Black "who_dat"]
[Result "1-0"]
[WhiteElo "1790"]
[BlackElo "1831"]

1. e4 e5 2. Nf3 Nc6 3. Bb5 Nd4 4. Nxd4 exd4 5. Qf3 c6 6. Bc4 Qe7 7. O-O Nf6 8.
d3 b5 9. Bb3 a5 10. c3 a4 11. Bc2 dxc3 12. Nxc3 Qc5 13. Be3 Qb4 14. Rab1 a3 15.
Rfe1 axb2 16. e5 Ng8 17. Ne4 Rxa2 18. Qg4 Qa3 19. Bd2 Ra1 20. Nd6+ Ke7 21. Qf5
f6 22. exf6+ Kd8 23. Re8+ Kc7 24. Rxc8+ Kb6 25. Be3+ Ka5 26. Ra8+ Kb4 27. Qc5#
1-0

[Event "Challenge"]
[Site "http://www.queenalice.com/game.php?id=921978"]
[Date "2011.4.5"]
[Round "-"]
[White "equus"]
[Black "who_dat"]
[Result "0-1"]
[WhiteElo "1876"]
[BlackElo "1809"]

1. d4 Nf6 2. c4 e6 3. Nf3 c5 4. d5 d6 5. Nc3 e5 6. Bg5 Be7 7. Bxf6 Bxf6 8. e4
O-O 9. Be2 Nd7 10. h4 Nb6 11. Qd2 Bg4 12. g3 Nxc4 13. Bxc4 Bxf3 14. Rh2 Qa5 15.
Qe3 Bg4 16. Be2 Bd7 17. h5 h6 18. f3 Rab8 19. Bd1 b5 20. Kf1 b4 21. Nb1 c4 22.
a3 Rfc8 23. b3 c3 24. a4 Bg5 25. f4 exf4 26. gxf4 Bf6 27. Raa2 Re8 28. Rag2 Qc5
29. Qf3 Qd4 30. Bc2 Bxa4 31. Qd1 Bb5+ 0-1

[Event "AUTO-ADV-2156"]
[Site "http://www.queenalice.com/game.php?id=936837"]
[Date "2011.5.11"]
[Round "1"]
[White "Givanildo"]
[Black "who_dat"]
[Result "0-1"]
[WhiteElo "1591"]
[BlackElo "1850"]

1. e4 e5 2. Bc4 Nf6 3. Qf3 Nc6 4. c3 Bc5 5. Bxf7+ Kxf7 6. Qe2 d6 7. h3 d5 8. b4
Bb6 9. Ba3 Nxe4 10. Qf3+ Ke8 11. Ne2 Rf8 12. Qh5+ g6 13. Qxh7 Bxf2+ 14. Kd1 Qg5
15. b5 Ne7 16. h4 Qf6 17. d3 Nc5 18. Nd2 Rh8 19. Qxh8+ Qxh8 20. d4 Ne4 21. Nxe4
dxe4 22. Rf1 Qxh4 23. Bxe7 Kxe7 24. d5 Bg4 25. g3 Qxg3 26. Kc2 Bxe2 27. Rh1 Qd3+
28. Kb3 Qxb5+ 29. Kc2 Bd3+ 30. Kc1 Be3+ 31. Kd1 Qb2 32. Rh7+ Kd6 33. Rb1 Qd2#
0-1

[Event "AUTO-ADV-2156"]
[Site "http://www.queenalice.com/game.php?id=936838"]
[Date "2011.5.11"]
[Round "1"]
[White "who_dat"]
[Black "Givanildo"]
[Result "1-0"]
[WhiteElo "1856"]
[BlackElo "1585"]

1. e4 e5 2. Nf3 Qf6 3. Bc4 Bc5 4. c3 d6 5. h3 g5 6. d3 h6 7. a4 a6 8. O-O g4 9.
hxg4 Bxg4 10. Nbd2 Bxf3 11. Nxf3 Nd7 12. b4 Bb6 13. a5 Ba7 14. b5 b6 15. Be3 Ne7
16. d4 O-O-O 17. axb6 Nxb6 18. Rxa6 Nxc4 19. Rxa7 Nxe3 20. fxe3 Rhg8 21. Qd3 Qg6
22. Rf2 d5 23. Nxe5 Qh7 24. Rxf7 dxe4 25. Qc4 Rxg2+ 26. Kxg2 Rg8+ 27. Kf2 Nd5
28. Rxh7 Rf8+ 29. Rf7 Rxf7+ 30. Nxf7 Nxe3 31. Qxc7# 1-0

[Event "AUTO-ADV-2156"]
[Site "http://www.queenalice.com/game.php?id=936853"]
[Date "2011.5.11"]
[Round "1"]
[White "leduar"]
[Black "who_dat"]
[Result "1-0"]
[WhiteElo "1935"]
[BlackElo "1861"]

1. e4 b6 2. Nf3 Bb7 3. Nc3 Nc6 4. Bb5 e6 5. d4 Bb4 6. O-O Nf6 7. e5 Ng8 8. a3
Be7 9. d5 exd5 10. Nxd5 a6 11. Bc4 b5 12. Bb3 Na5 13. Ba2 c6 14. Nxe7 Nxe7 15.
b4 Nc4 16. Bxc4 bxc4 17. Bb2 O-O 18. Qd4 a5 19. e6 f6 20. exd7 Ba6 21. Ng5 Nd5
22. Ne6 Qb8 23. Nxf8 Qxf8 24. Rfe1 Rd8 25. Re8 Rxe8 26. dxe8=Q Qxe8 27. Qd1 Qb8
28. c3 Qe5 29. Qe1 Qxe1+ 30. Rxe1 axb4 31. axb4 h5 32. g3 Kf7 33. Kg2 g5 34. Kf3
Bb7 35. Ke2 Ke6 36. Ba3 Kf5 37. Kf3 Nxc3 38. Ke3 Nd5+ 39. Kd4 c3 40. h3 Kg6 41.
Kc5 Kf7 42. b5 cxb5 43. Kxb5 f5 44. Rc1 Bc8 45. Bb4 f4 46. h4 g4 47. Bxc3 f3 48.
Bd4 Bd7+ 49. Kc5 Nf6 50. Kd6 Ba4 51. Rc7+ Kg6 52. Ra7 Bb3 53. Ra6 Kf5 54. Ra5+
Ke4 55. Bxf6 Kd3 56. Ra3 Kc2 57. Rxb3 Kxb3 58. Bd4 1-0

[Event "AUTO-ADV-2156"]
[Site "http://www.queenalice.com/game.php?id=936854"]
[Date "2011.5.11"]
[Round "1"]
[White "who_dat"]
[Black "leduar"]
[Result "0-1"]
[WhiteElo "1848"]
[BlackElo "1982"]

1. e4 e5 2. Nf3 Nf6 3. Nxe5 d6 4. Nd3 Nxe4 5. Qe2 Qe7 6. Nf4 Nf6 7. Nc3 c6 8. d4
Qxe2+ 9. Bxe2 Bf5 10. Bd3 Bxd3 11. Nxd3 Be7 12. Bf4 O-O 13. O-O-O Nbd7 14. h3 b5
15. Nb4 Rac8 16. Rhe1 Rfe8 17. g4 h6 18. f3 a5 19. Nd3 b4 20. Ne4 Nxe4 21. Rxe4
d5 22. Re2 Bf6 23. Rde1 Rxe2 24. Rxe2 Bxd4 25. h4 Nf6 26. Re7 Re8 27. Rc7 Be3+
28. Bxe3 Rxe3 29. g5 hxg5 30. hxg5 Nh5 31. g6 fxg6 32. f4 Re6 33. Ra7 Rf6 34.
Rxa5 Nxf4 35. Nxb4 g5 36. c3 g4 37. Nc2 g3 38. Ne3 g2 39. Nxg2 Nxg2 40. Ra8+ Kh7
41. a4 Rf1+ 42. Kd2 Rf2+ 43. Kc1 Ne3 44. a5 Rf1+ 45. Kd2 Nc4+ 46. Ke2 Ra1 47. b4
Kg6 48. a6 Nd6 49. Kd3 Nb5 50. c4 Ra3+ 51. Kc2 dxc4 52. Kc1 Ra4 53. Kc2 Rxb4 54.
Rc8 Kg5 55. Rxc6 Nd4+ 56. Kc3 Nxc6 57. a7 Nxa7 58. Kxb4 Kf4 59. Kxc4 g5 60. Kd3
Kf3 61. Kd4 g4 62. Kc5 g3 63. Kb6 g2 64. Kxa7 g1=Q+ 65. Kb7 Qc5 66. Ka6 Ke4 67.
Kb7 Kd5 68. Ka6 Qb4 69. Ka7 Qb5 0-1

[Event "OS INCLIVEIS"]
[Site "http://www.queenalice.com/game.php?id=944663"]
[Date "2011.5.31"]
[Round "-"]
[White "adelio"]
[Black "who_dat"]
[Result "1-0"]
[WhiteElo "1784"]
[BlackElo "1837"]

1. b4 e5 2. b5 d5 3. a4 Bc5 4. e3 Qe7 5. g4 Be6 6. d3 d4 7. e4 Bb4+ 8. Bd2 Bc5
9. h4 Nf6 10. f3 c6 11. Qe2 cxb5 12. axb5 b6 13. Nh3 O-O 14. Ng5 Bd7 15. h5 h6
16. Nh3 Bxb5 17. g5 Nxh5 18. gxh6 Ng3 19. Qg2 Qh4 20. Kd1 g6 21. Rg1 Nh5 22. Bg5
Nf4 23. Nxf4 Qxf4 24. Bxf4 exf4 25. Qg5 Nd7 26. h7+ Kxh7 27. Rh1+ Kg7 28. Bh3
Rh8 29. Nd2 Nf6 30. Ke2 Nh5 31. Rag1 Ng3+ 32. Rxg3 fxg3 33. Qxg3 Rad8 34. Qe5+
f6 35. Qg3 a5 36. Rg1 Rh6 37. Bf5 Be8 38. Qc7+ Be7 39. Qxe7+ 1-0

[Event "Oh Canada!"]
[Site "http://www.queenalice.com/game.php?id=1200276"]
[Date "2013.7.16"]
[Round "-"]
[White "who_dat"]
[Black "Knightgirl"]
[Result "1/2-1/2"]
[WhiteElo "1823"]
[BlackElo "1744"]

1. d4 Nc6 2. Nf3 e6 3. Bf4 Nf6 4. Nbd2 Bd6 5. Bg5 O-O 6. e4 h6 7. Be3 Ng4 8. e5
Be7 9. Nc4 Nxe3 10. Nxe3 Bg5 11. Qd3 Bxe3 12. Qxe3 Nb4 13. Bd3 Nxd3+ 14. Qxd3
Qe7 15. O-O d6 16. Rae1 Bd7 17. b3 c5 18. Re4 Rac8 19. Rh4 f5 20. Re1 Rc6 21. c4
Ra6 22. h3 Rxa2 23. exd6 Qxd6 24. g4 Qf4 25. dxc5 Rf7 26. g5 Qc7 27. gxh6 Qxc5
28. h7+ Kh8 29. Re2 Rxe2 30. Qxe2 g6 31. Ne5 Rxh7 32. Nxd7 Qe7 33. Rxh7+ Kxh7
34. Ne5 Qh4 35. Qf3 Qf6 36. Qxb7+ Kh6 37. Nc6 Qc3 38. Nxa7 Qxh3 39. c5 Qg4+ 40.
Kf1 Qd1+ 41. Kg2 Qg4+ 42. Kf1 Qd1+ 43. Kg2 Qg4+ 44. Kf1 Qd1+ 45. Kg2 1/2-1/2